New England review and Bread Loaf quarterly.

Bibliographic Details
New Title:New England review (Middlebury, Vt. : Online)
Previous Title:New England review (Hanover, N.H. : Online)
Uniform Title:New England review and Bread Loaf quarterly (Online)
Corporate Author: Bread Loaf Writers' Conference of Middlebury College
Format: Journal
Language:English
Published: Hanover, NH : Kenyon Hill Publications, ©1982-©1990.
Middlebury, VT : Middlebury College.
Subjects:
Online Availability: Check for online availability

MARC

Tag First Indicator Second Indicator Subfields
LEADER 00000cas a2200000 a 4500
001 in00002811101
005 20151202172430.0
006 m o d
007 cr |||||||||||
008 020916d19821990vtuqr poo o 0 0eng c
010 |a  2009250654 
022 |y 0736-2579  |y 0164-3177 
029 1 |a AU@  |b 000045725517 
029 1 |a NZ1  |b 13398552 
035 |a (OCoLC)ocm50611304 
035 |a (OCoLC)50611304 
040 |a BUF  |c BUF  |d OCLCQ  |d BUF  |d EYM  |d OCLCQ  |d TXA  |d UtOrBLW 
042 |a pcc 
049 |a TXAM 
050 4 |a PN2  |b .N48 Electronic 
082 0 4 |a 808.8  |2 19 
130 0 |a New England review and Bread Loaf quarterly (Online) 
245 1 0 |a New England review and Bread Loaf quarterly. 
246 1 |a NER/BLQ 
264 1 |3 Autumn-winter 1982-winter 1986:  |a Hanover, NH :  |b Kenyon Hill Publications,  |c ©1982-©1990. 
264 1 |3 Spring 1987-summer 1990:  |a Middlebury, VT :  |b Middlebury College. 
310 |a Quarterly 
336 |a text  |b txt  |2 rdacontent 
337 |a computer  |b c  |2 rdamedia 
338 |a online resource  |b cr  |2 rdacarrier 
362 1 |a Began with: Vol. 5, no. 1/2 (autumn/winter 1982); ceased with: Vol. 12, no. 4 (summer 1990). 
538 |a Mode of access: World Wide Web. 
550 |a Produced in association with the Bread Loaf Writers' Conference of Middlebury College. 
588 |a Description based on: Vol. 5, no. 1/2 (autumn/winter 1982); title from PDF editorial information page (Periodicals Archive Online, viewed Sept. 24, 2009). 
588 |a Latest issue consulted: Vol. 12, no. 4 (summer 1990) (JSTOR, viewed Jan. 4, 2013). 
500 |a Electronic resource. 
650 0 |a Literature  |v Periodicals. 
710 2 |a Bread Loaf Writers' Conference of Middlebury College. 
776 0 8 |i Also issued in print:  |t New England review and bread loaf quarterly  |x 0736-2579  |w (DLC) 82647258  |w (OCoLC)8932675 
780 0 0 |t New England review (Hanover, N.H. : Online)  |w (DLC) 2009250655  |w (OCoLC)50611303 
785 0 0 |t New England review (Middlebury, Vt. : Online)  |w (DLC) 2009250653  |w (OCoLC)46728412 
948 |a cataloged  |b h  |c 2013/1/4  |d c  |e spoltoratski  |f 11:30:50 am  |g sc 
994 |a C0  |b TXA 
999 |a MARS 
999 f f |s 8a5c2205-2d11-3efe-babc-6d597d07a9c8  |i a891a01e-9d37-301f-802a-a97743813f01  |t 0 
952 f f |a Texas A&M University  |b College Station  |c Electronic Resources  |d Available Online  |t 0  |e PN2 .N48  |g Electronic  |h Library of Congress classification 
998 f f |a PN2 .N48  |t 0  |l Available Online